| 000 | 00601nam a22002177a 4500 | ||
|---|---|---|---|
| 005 | 20221228114207.0 | ||
| 008 | 221228b ||||| |||| 00| 0 eng d | ||
| 040 | _cAL | ||
| 041 | _aEnglish | ||
| 082 |
_223 _a954.004924 _bBENJ |
||
| 100 |
_aAbraham Benhur _967800 |
||
| 245 | _aJewish Background of Indian People | ||
| 260 |
_aCalicut _bJeevanist Books _c2011 |
||
| 300 |
_a280 p. _bPB _c21x13 cm. |
||
| 365 |
_b₹475.00 _c₹ _d₹475.00 |
||
| 650 |
_aLost tribes of Israel _967801 |
||
| 650 |
_aIndia _967802 |
||
| 650 |
_aJews _967803 |
||
| 700 |
_aBENHUR (Abraham) _967804 |
||
| 942 |
_2ddc _cDB |
||
| 999 |
_c226095 _d226095 |
||